Statistics for American Sports Cliches Quiz

Click here to take the quiz!

General Stats

  • This quiz has been taken 87,721 times
    (87,678 since last reset)
  • The average score is 12 of 18

Answer Stats

Sports Cliche% Correct
You win some, you {lose} {some}
97%
There's no I in {team}
96%
We're taking it one game {at} {a} {time}
94%
{Practice} makes perfect
94%
No pain, {no} {gain}
94%
Second place is the first {loser}
86%
You miss 100% of the shots you {never} {take}
77%
It doesn't matter if you win or lose, it's how
you {play} {the} {game}
72%
The best defense is a good {offense}
71%
It's not the size of the dog in the fight, it's the
size of the {fight} {in} {the} {dog}
67%
Winners never quit and {quitters} {never} {win}
66%
Winning isn't everything; it's the {only} {thing}
61%
If you can believe it, you can {achieve} it
60%
{Pain} is temporary; glory is forever
59%
{Defense} wins championships
50%
You can't stop him,
you can only hope to {contain} {him}
31%
Sports do not build character. They {reveal} it
15%
The more I practice, the {luckier} I get
12%

Score Distribution

Percentile by Number Answered

Percent of People with Each Score

Your Score History

You have not taken this quiz since the last reset